| 000 | 00840nam a22002057a 4500 | ||
|---|---|---|---|
| 003 | JO-AjAnu | ||
| 005 | 20231129130842.0 | ||
| 008 | 231129b jo ||||| |||| 00| 0 ara d | ||
| 020 | _a9777359429 | ||
| 040 |
_aJO-AjAnu _bARA _cJO-AjAnu _dJO-AjAnu |
||
| 041 | 0 |
_aARA _hARA |
|
| 050 |
_aTX553 _b2020 |
||
| 100 | 1 |
_aأبو زيد، نادية عبدالمجيد _964555 _eمؤلف |
|
| 245 | 0 |
_aتكنولوجيا الإضافات الغذائية وأهميتها الصحية / _cنادية عبدالمجيد ابو زيد |
|
| 250 | _aالطبعة الاولى | ||
| 260 |
_aالاسكندرية : _bدار الوفاء لدنيا الطباعة والنشر، _c2020 |
||
| 300 | _a143 صفحة | ||
| 650 | 4 | 0 |
_aالغذاء-الاضافات الغذائية _964556 _vالغذاء-الاضافات الغذائية |
| 942 |
_2lcc _cBK _n0 |
||
| 999 |
_c33201 _d33201 |
||